000 00339 a2200157 4500
001 193078
020 _a978-85-380-4753-7
040 _cMagnum
100 _aBooks, Fernleigh
240 1 0 _aUma aventura na neve
_lpor
245 1 0 _aUma aventura na neve
300 _a21
362 0 _a2013
697 _aLITERATURA INFANTO
942 _cBK
999 _c193078
_d193078